BD. CHAURSIA'S HUMAN ANATOMY, REGIONAL & APPLIED UPPER LINB & THORAX VOL-1 (Record no. 25295)

MARC details
000 -LEADER
fixed length control field 00478nam a22001697a 4500
003 - CONTROL NUMBER IDENTIFIER
control field SGT
020 ## - INTERNATIONAL STANDARD BOOK NUMBER
International Standard Book Number 9789354664731
082 ## - DEWEY DECIMAL CLASSIFICATION NUMBER
Classification number 611
Item number B23C
100 ## - MAIN ENTRY--PERSONAL NAME
Personal name CHAURSIA, BD.
245 ## - TITLE STATEMENT
Title BD. CHAURSIA'S HUMAN ANATOMY, REGIONAL & APPLIED UPPER LINB & THORAX VOL-1
250 ## - EDITION STATEMENT
Edition statement 9TH
260 ## - PUBLICATION, DISTRIBUTION, ETC. (IMPRINT)
Place of publication, distribution, etc INDIA
Name of publisher, distributor, etc CBS PUB
Year of Publication 2023
300 ## - PAGE DESCRIPTION
No. of Pages 362
650 ## - SUBJECT ADDED ENTRY--TOPICAL TERM
Topical term or geographic name as entry element HUMAN ANATOMY
653 ## - KEYWORDS--INDEX TERM
Keyword term BD. CHAURSIA'S HUMAN ANATOMY, REGIONAL & APPLIED UPPER LINB & THORAX VOL-1
942 ## - ADDED ENTRY ELEMENTS (KOHA)
Source of classification or shelving scheme Dewey Decimal Classification
Koha item type Books
942 ## - ADDED ENTRY ELEMENTS (KOHA)
-- 60
Holdings
Withdrawn status Lost status Source of classification or shelving scheme Damaged status Not for loan Collection code Home library Current library Shelving location Date acquired Vendor Name Cost, normal purchase price Volume Information (Serial or Books or Non-Book Material) SGTU Bill Number Total Checkouts Full call number Accession No. (Barcode) Date last seen Date last borrowed Bill Date Koha item type Checked out
    Dewey Decimal Classification     MEDICAL SGT Medical Library SGT Medical Library Text Book 25/11/2023 ABC DELHI 775.00 VOL-I SGTU 17259 8 611 B23C FM14038 23/05/2026 11/05/2026 18/08/2023 Books  
    Dewey Decimal Classification     MEDICAL SGT Medical Library SGT Medical Library Text Book 25/11/2023 ABC DELHI 775.00 VOL-I SGTU 17259 9 611 B23C FM14039 23/09/2024 11/09/2024 18/08/2023 Books  
    Dewey Decimal Classification     MEDICAL SGT Medical Library SGT Medical Library Text Book 25/11/2023 ABC DELHI 775.00 VOL-I SGTU 17259 17 611 B23C FM14040 03/12/2025 03/12/2025 18/08/2023 Books  
    Dewey Decimal Classification     MEDICAL SGT Medical Library SGT Medical Library Text Book 25/11/2023 ABC DELHI 775.00 VOL-I SGTU 17259 26 611 B23C FM14041 22/05/2026 22/05/2026 18/08/2023 Books 05/06/2026
    Dewey Decimal Classification     MEDICAL SGT Medical Library SGT Medical Library Text Book 25/11/2023 ABC DELHI 775.00 VOL-I SGTU 17259 29 611 B23C FM14042 28/05/2026 19/05/2026 18/08/2023 Books